| 000 | 00608nam a2200169 a 4500 | ||
|---|---|---|---|
| 005 | 20220607121825.0 | ||
| 008 | 991125s1963 ea 000 0 spa u | ||
| 035 | _aUPN01000037115 | ||
| 049 | _aLT | ||
| 050 | 4 |
_aLB1645 E6.3 _bG7.38 |
|
| 110 | 2 | _aGrupo de Estudio de la Matemática Escolar | |
| 245 | 1 | 0 |
_aMatemática para la escuela secundaria : _bprimer curso de geometría / _cGrupo de Estudio de la Matemática Escolar. |
| 260 |
_aE.U.A. : _bLcland Stanford Junior University, _c1963. |
||
| 300 | _a640 p. (en dos vol.) | ||
| 650 | 4 |
_aGeometría _xEstudio y enseñanza (Secundaria) _99157 |
|
| 905 | _aLibro | ||
| 999 |
_c37115 _d37115 |
||